Регионална библиотека "Любен Каравелов" - Русе

Изкуството да пишем VІІІ - ХІІ клас (Запис номер 106195)

MARC детайли
000 -Лидер
Контролно поле с фиксирана дължина 01707nam a2200373 c 4500
003 - Код на организацията, давaща контролен номер
Контролно поле BLK
005 - Дата и час на последна редакция
Контролно поле 20230407030347.0
008 - Елементи от данни с фиксирана дължина
fixed length control field 180409b bul|||||r ||||||| ||bul||
010 ## - Наследен системен номер
LC control number KNG00111449000
020 ## - Международен стандартен номер на книга ISBN
Международен стандартен номер на книга ISBN 954-909-34-5-Х
-- издат.: Диоген.bg
040 ## - Източник на каталожния запис
Идентификатор на билиотеката - собственик на записа BLK
041 ## - Код за език
Код за езика на текст/звукозапис или на отделно заглавие Български
Код за езика КДБФ Български
080 ## - УДК
Текстов определител УДК Литературна дейност. Редактиране. Култура на речта. Стилистика. Литературна техника
УДК код - определител по УДК 808
УДК определител (075.3)
УДК - код + определител 808(075.3)
080 ## - УДК
Текстов определител УДК Есета. Очерци. Скици. Вж и 82-95
УДК код - определител по УДК 82-4
УДК определител (075.3)
УДК - код + определител 82-4(075.3)
100 1# - Редна дума - Автор
Автор Панов, Александър Асенов
Авторска отговорност първи автор
R(LIN) 370934
139 ## - Редно поле
Редна дума Панов, Александър Асенов и др.
Авторски знак Пано - П 18
245 10 - Сведения за заглавието
Заглавие Изкуството да пишем VІІІ - ХІІ клас
Редно поле (дума) Александър Асенов Панов; съавт. Валери Стоилов Стефанов.
257 ## - Страна на издаване
Страна на създаване/издаване България
260 ## - Област на издателските данни
-- София
Име на издателя, разпространителя и проч. Диоген.bg
Година на издаване 2004
Печатница София : Инвестпрес
300 ## - Физическа характеристика
Страници 112 с.
Размери/Мащаб 24 см
380 ## - Жанр
Жанр Худож. лит.
490 1# - СЕРИИ (Колекции)
Име на серия Български език и литература
650 #4 - Допълнително описание по предмет – тема
Основно описание – тема или топоним Българска литература - учебни помагала
9 (RLIN) 242720
650 #4 - Допълнително описание по предмет – тема
Основно описание – тема или топоним Български език - учебни помагала
9 (RLIN) 242056
653 ## - Ключова дума – ненормативна
Ключова дума българска литература
653 ## - Ключова дума – ненормативна
Ключова дума учебни помагала
653 ## - Ключова дума – ненормативна
Ключова дума български език
700 1# - Други автори (авторска отговорност)
Лично име Стефанов, Валери Стоилов
Автороска отговорност (Описва отношението между автора и произведението) съавт.
9 (RLIN) 366828
852 ## - Местоположение
Форматна сигнатура Цб 218360
856 4# - Електронен адрес и достъп
Електронен формат pdf - файл
Път до файла /url/
856 4# - Електронен адрес и достъп
Електронен формат pdf - файл
Път до файла /url/
942 ## - АРТИКУЛИ
Вид на библиотечния материал Книги
Скрит в OPAC Не
Koha issues (borrowed), all copies 2
944 ## - СЪЗДАВАНЕ И РЕДАКЦИЯ на ЗАПИСА
Създаване/Редакция Създаване
Дата на регистрацията/редакция 04.03.2004
Служител, извършил регистрацията/редакцията Цветанка_Енчева
944 ## - СЪЗДАВАНЕ И РЕДАКЦИЯ на ЗАПИСА
Създаване/Редакция Редакция
Дата на регистрацията/редакция 13.03.2007
Служител, извършил регистрацията/редакцията
999 ## - СИСТЕМНИ КОНТРОЛНИ НОМЕРА
Koha biblionumber 106195
Koha biblioitemnumber 106195
Наличности
Код за отписване Код за изгубен артикул Източник на класификационната схема Код за повреда Коз за рестрикции Код за отдаване Артикулен № Име на библиотеката - собственик Име на библиотеката, в която се намира в момента Статус (Текущо местоположение) Дата на вписване в системата Местоположение - отдел Цена в лева Инвентарен номер Систематично азбучна сигнатура Баркод Номер на екземпляра Цена в евро Служебна бележка Служебен тип на артикула
Изтеглен Не е изгубен Universal Decimal Classification Не е повреден без рестрикции заемане за дома 171372 Регионална библиотека "Любен Каравелов" Русе Регионална библиотека "Любен Каравелов" Русе Заемна - подръчен фонд 2004-03-05 Заемна - подръчен фонд 5.00 120000683253 П 82.0/П 18 120000683253 1 2.56 Дост: Pk Вид: Ф N: 9 Дата: 04.03.2004 Книги
Изтеглен Не е изгубен Universal Decimal Classification Не е повреден без рестрикции заемане за дома 171373 Регионална библиотека "Любен Каравелов" Русе Регионална библиотека "Любен Каравелов" Русе Заемна - подръчен фонд 2004-03-05 Заемна - подръчен фонд 5.00 120000683254 П 82.0/П 18 120000683254 2 2.56 Дост: Pk Вид: Ф N: 9 Дата: 04.03.2004 Дата инв: 27.03.2017 Бележки инв: Ч2017 Книги
  Не е изгубен   Не е повреден без рестрикции ползва се в читалня 171374 Регионална библиотека "Любен Каравелов" Русе Регионална библиотека "Любен Каравелов" Русе Хранилище 2007-03-09 Хранилище 5.00 120000710804 Цб 218360 120000710804 3 2.56 Дост: Dp Вид: Д N: 24 Дата: 24.05.2006 Книги
Vip Innovations Ltd, Rousse, Bulgaria 2025